[Event "Oberliga Nord W 1920"]
[Site "Germany"]
[Date "2019.11.24"]
[Round "3.2"]
[White "Tonndorf, Matthias"]
[Black "Nuesken, Nikolas"]
[Result "1/2-1/2"]
[WhiteElo "2171"]
[BlackElo "2328"]
[PlyCount "81"]
[EventDate "2019.09.29"]
[EventType "team-tourn"]
[EventRounds "9"]
[EventCountry "GER"]
[SourceTitle "CBM 195 Extra"]
[Source "ChessBase"]
[SourceDate "2020.05.31"]
[SourceVersion "1"]
[SourceVersionDate "2020.05.31"]
[SourceQuality "1"]

1. e4 e5 2. Nf3 Nc6 3. Bc4 Bc5 4. c3 Nf6 5. d3 0-0 6. Bg5 h6 7. Bh4 Be7 8. Nbd2 d6 9. a4 Nh5 10. Bg3 g6 11. a5 a6 12. Nf1 Kg7 13. h3 f5 14. exf5 Nxg3 15. Nxg3 d5 16. Bb3 Bxf5 17. Qe2 Qd6 18. 0-0 Rae8 19. Rfd1 Bf6 20. Ne4 Qd8 21. Nxf6 Rxf6 22. Nh2 Qd6 23. d4 e4 24. Nf1 Ne7 25. Ne3 Ref8 26. Rd2 c6 27. Qd1 Be6 28. Qc2 Qf4 29. c4 Nf5 30. Qc3 dxc4 31. Bxc4 Nxe3 32. fxe3 Qg3 33. d5 cxd5 34. Bxd5 Rc8 35. Qb3 Bxd5 36. Rxd5 Rc7 37. Rad1 Rcf7 38. Qc3 Kh7 39. Rd7 Rf2 40. Rxf7+ Rxf7 41. Rf1 1/2-1/2

[Event "Oberliga Nord W 1314"]
[Site "Germany"]
[Date "2014.04.06"]
[Round "9.1"]
[White "Breutigam, Martin"]
[Black "Nuesken, Nikolas"]
[Result "1-0"]
[WhiteElo "2396"]
[BlackElo "2311"]
[PlyCount "81"]
[EventDate "2013.10.13"]
[EventType "team-tourn"]
[EventRounds "9"]
[EventCountry "GER"]
[SourceTitle "EXT 2015"]
[Source "ChessBase"]
[SourceDate "2014.11.20"]
[SourceVersion "1"]
[SourceVersionDate "2014.11.20"]
[SourceQuality "1"]
[WhiteTeam "Oldenburg Union"]
[BlackTeam "Lister Turm"]
[WhiteTeamCountry "GER"]
[BlackTeamCountry "GER"]

1. Nf3 Nf6 2. c4 e6 3. g3 a6 4. Bg2 b5 5. b3 c5 6. 0-0 Be7 7. Nc3 Qb6 8. e4 Nc6 9. e5 Ng4 10. h3 Nh6 11. d4 cxd4 12. Nd5 exd5 13. cxd5 Nf5 14. dxc6 dxc6 15. g4 Nh4 16. Nxh4 Bxh4 17. g5 g6 18. Qf3 0-0 19. Qf4 Bxf2+ 20. Qxf2 Be6 21. Bb2 Rad8 22. b4 Rd7 23. Rac1 Bc4 24. e6 Bxe6 25. Rxc6 Qd8 26. Rxa6 Bc4 27. Rd1 Qxg5 28. Rxd4 Re7 29. Rg4 Qe3 30. Qxe3 Rxe3 31. Bf6 Re1+ 32. Kh2 Re6 33. Rxe6 fxe6 34. Rf4 Bxa2 35. Be5 Rxf4 36. Bxf4 Bc4 37. Kg3 Kf7 38. Be5 Bd3 39. Kf4 h6 40. h4 Ke7 41. Bf3 1-0

[Event "Oberliga Nord W 1314"]
[Site "Germany"]
[Date "2014.03.16"]
[Round "8.1"]
[White "Nuesken, Nikolas"]
[Black "Bindrich, Falko"]
[Result "1-0"]
[WhiteElo "2311"]
[BlackElo "2558"]
[PlyCount "83"]
[EventDate "2013.10.13"]
[EventType "team-tourn"]
[EventRounds "9"]
[EventCountry "GER"]
[SourceTitle "EXT 2015"]
[Source "ChessBase"]
[SourceDate "2014.11.20"]
[SourceVersion "1"]
[SourceVersionDate "2014.11.20"]
[SourceQuality "1"]
[WhiteTeam "Lister Turm"]
[BlackTeam "Lueneburg Turm"]
[WhiteTeamCountry "GER"]
[BlackTeamCountry "GER"]

1. e4 e5 2. Nf3 Nc6 3. Nc3 Nf6 4. d4 exd4 5. Nxd4 Bb4 6. Nxc6 bxc6 7. Bd3 d5 8. exd5 cxd5 9. 0-0 0-0 10. h3 h6 11. Qf3 c6 12. Bf4 Re8 13. Na4 Be6 14. Rad1 Bd6 15. b3 Rb8 16. c4 Bxf4 17. Qxf4 Qa5 18. cxd5 cxd5 19. Rc1 Bd7 20. Rc5 Qd8 21. Rfc1 Qe7 22. Qd4 Qd6 23. Nc3 Rbc8 24. Ne2 Rxc5 25. Qxc5 Qb8 26. Qd4 a5 27. Kf1 Qh2 28. Qf4 Qh1+ 29. Ng1 Ne4 30. f3 g5 31. Qc7 Nf6 32. Qd6 Re6 33. Qb8+ Re8 34. Qd6 Re6 35. Qb8+ Kg7 36. Kf2 Ne4+ 37. Bxe4 dxe4 38. Ne2 e3+ 39. Kg3 Qxc1 40. Nxc1 e2 41. Nd3 Re3 42. Ne1 1-0

[Event "Oberliga Nord W 0910"]
[Site "Germany"]
[Date "2010.04.11"]
[Round "9.2"]
[White "Nuesken, Nikolas"]
[Black "Issing, Peter"]
[Result "1-0"]
[WhiteElo "2305"]
[BlackElo "2291"]
[PlyCount "43"]
[EventDate "2009.10.18"]
[EventType "team-tourn"]
[EventRounds "9"]
[EventCountry "GER"]
[SourceTitle "EXT 2011"]
[Source "ChessBase"]
[SourceDate "2010.11.26"]
[SourceVersion "1"]
[SourceVersionDate "2010.11.26"]
[SourceQuality "1"]
[WhiteTeam "Hannover Post"]
[BlackTeam "Bremer SG"]
[WhiteTeamCountry "GER"]
[BlackTeamCountry "GER"]

1. e4 e5 2. f4 d5 3. exd5 c6 4. c4 exf4 5. Nf3 cxd5 6. cxd5 Bd6 7. Nc3 Ne7 8. Bc4 0-0 9. 0-0 Nd7 10. d4 Ng6 11. Qd3 Nf6 12. Bd2 Bg4 13. Rae1 a6 14. Ne5 f3 15. Nxf3 Qc7 16. Kh1 Rfe8 17. Rxe8+ Rxe8 18. Ng5 Nf4 19. Bxf4 Bxf4 20. d6 Qxd6 21. Nxf7 Qb4 22. Ng5+ 1-0

[Event "Oberliga Nord W 0910"]
[Site "Germany"]
[Date "2009.12.13"]
[Round "4.1"]
[White "Fish, Gennadij"]
[Black "Nuesken, Nikolas"]
[Result "1/2-1/2"]
[WhiteElo "2508"]
[BlackElo "2305"]
[PlyCount "68"]
[EventDate "2009.10.18"]
[EventType "team-tourn"]
[EventRounds "9"]
[EventCountry "GER"]
[SourceTitle "EXT 2011"]
[Source "ChessBase"]
[SourceDate "2010.11.26"]
[SourceVersion "1"]
[SourceVersionDate "2010.11.26"]
[SourceQuality "1"]
[WhiteTeam "Werder Bremen II"]
[BlackTeam "Hannover Post"]
[WhiteTeamCountry "GER"]
[BlackTeamCountry "GER"]

1. d4 d5 2. c4 Nc6 3. Nc3 dxc4 4. d5 Ne5 5. f4 Ng4 6. h3 N4f6 7. e4 e6 8. dxe6 Qxd1+ 9. Kxd1 Bxe6 10. f5 0-0-0+ 11. Kc2 Bd7 12. Bxc4 Nxe4 13. Nxe4 Bxf5 14. Bd3 Rxd3 15. Kxd3 Nf6 16. Nf3 Nxe4 17. Re1 Nc5+ 18. Kc3 g6 19. Be3 Ne4+ 20. Kb3 Nc5+ 21. Bxc5 Bxc5 22. Ng5 f6 23. Rac1 b6 24. Ne6 Bxe6+ 25. Rxe6 Rf8 26. Kc4 Kd7 27. Re2 a5 28. Kb5 f5 29. a4 f4 30. Rd2+ Bd6 31. Ka6 Ke6 32. Re1+ Kf6 33. Rd5 g5 34. Re2 Rd8 1/2-1/2

[Event "Oberliga Nord W 0708"]
[Site "Germany"]
[Date "2008.04.20"]
[Round "9.1"]
[White "Bode, Wilfried"]
[Black "Nuesken, Nikolas"]
[Result "1/2-1/2"]
[WhiteElo "2342"]
[BlackElo "2350"]
[PlyCount "33"]
[EventDate "2007.10.21"]
[EventType "team-tourn"]
[EventRounds "9"]
[EventCountry "GER"]
[SourceTitle "EXT 2009"]
[Source "ChessBase"]
[SourceDate "2008.11.26"]
[SourceVersion "1"]
[SourceVersionDate "2008.11.26"]
[SourceQuality "1"]
[WhiteTeam "Hameln"]
[BlackTeam "Hannover Post"]
[WhiteTeamCountry "GER"]
[BlackTeamCountry "GER"]

1. c4 Nf6 2. Nf3 e6 3. g3 a6 4. Bg2 b5 5. b3 c5 6. 0-0 Bb7 7. Nc3 Qb6 8. e3 Be7 9. Qe2 Ne4 10. Nxe4 Bxe4 11. d3 Bb7 12. Bb2 0-0 13. d4 d6 14. dxc5 dxc5 15. Rfd1 Ra7 16. Rac1 Bc6 17. Ne1 1/2-1/2

[Event "GER-chT Lands U20"]
[Site "Verden an der Aller"]
[Date "2007.09.29"]
[Round "2.1"]
[White "Kesten, Sebastian"]
[Black "Nuesken, Nikolas"]
[Result "0-1"]
[WhiteElo "2054"]
[BlackElo "2350"]
[PlyCount "42"]
[EventDate "2007.09.29"]
[EventType "team-swiss"]
[EventRounds "7"]
[EventCountry "GER"]
[SourceTitle "CBM 120 Extra"]
[Source "ChessBase"]
[SourceDate "2007.11.01"]
[SourceVersion "1"]
[SourceVersionDate "2007.11.01"]
[SourceQuality "1"]
[WhiteTeam "Mecklenburg Vorpommern"]
[BlackTeam "Niedersachsen"]
[WhiteTeamCountry "GER"]
[BlackTeamCountry "GER"]

1. d4 Nf6 2. c4 e6 3. Nf3 c5 4. d5 d6 5. Nc3 exd5 6. cxd5 g6 7. Nd2 Bg7 8. Nc4 0-0 9. Bf4 b6 10. Bxd6 Re8 11. e3 Ne4 12. Nxe4 Rxe4 13. Bg3 b5 14. Nd6 Rb4 15. Bxb5 Bf8 16. Bc6 Ba6 17. Bxa8 Rxb2 18. Qa4 Qf6 19. Rc1 Bxd6 20. Rc2 Rb1+ 21. Kd2 Rxh1 0-1

[Event "Oberliga Nord W 0607"]
[Site "Germany"]
[Date "2007.02.04"]
[Round "5.1"]
[White "Nuesken, Nikolas"]
[Black "Sawatzki, Frank"]
[Result "1-0"]
[WhiteElo "2339"]
[BlackElo "2386"]
[PlyCount "53"]
[EventDate "2006.10.15"]
[EventType "team-tourn"]
[EventRounds "9"]
[EventCountry "GER"]
[SourceTitle "EXT 2008"]
[Source "ChessBase"]
[SourceDate "2007.11.25"]
[SourceVersion "1"]
[SourceVersionDate "2007.11.25"]
[SourceQuality "1"]
[WhiteTeam "Hannover Post"]
[BlackTeam "Hannover SF"]
[WhiteTeamCountry "GER"]
[BlackTeamCountry "GER"]

1. d4 Nf6 2. Bg5 e6 3. e4 h6 4. Bxf6 Qxf6 5. Nc3 d6 6. Qd2 g5 7. h4 Bg7 8. hxg5 hxg5 9. Rxh8+ Bxh8 10. Nf3 g4 11. e5 Qg7 12. Ng5 dxe5 13. d5 Bd7 14. 0-0-0 e4 15. Bc4 e3 16. Qxe3 Qe5 17. Qd2 Bf6 18. Nge4 Be7 19. f4 gxf3 20. gxf3 Na6 21. f4 Qf5 22. Bxa6 bxa6 23. d6 cxd6 24. Nxd6+ Bxd6 25. Qxd6 Rd8 26. Rh1 Qf6 27. Nd5 1-0

[Event "GER-chT Nord-West U20"]
[Site "Germany"]
[Date "2006.12.17"]
[Round "5"]
[White "Nuesken, Nikolas"]
[Black "Feuerstack, Aljoscha"]
[Result "0-1"]
[WhiteElo "2350"]
[BlackElo "2368"]
[PlyCount "120"]
[EventDate "2006.09.24"]
[EventType "team"]
[EventRounds "9"]
[EventCountry "GER"]
[SourceTitle "EXT 2008"]
[Source "ChessBase"]
[SourceDate "2007.11.25"]
[SourceVersion "1"]
[SourceVersionDate "2007.11.25"]
[SourceQuality "1"]

1. e4 e5 2. Nf3 Nf6 3. Nxe5 d6 4. Nf3 Nxe4 5. Nc3 Nxc3 6. dxc3 Nc6 7. Bf4 Be7 8. Qd2 Be6 9. 0-0-0 Qd7 10. Ng5 Bxg5 11. Bxg5 f6 12. Be3 0-0-0 13. b3 Bg4 14. f3 Bf5 15. Be2 Rhe8 16. Rhe1 Re7 17. Bf2 Rde8 18. Kb2 a6 19. c4 Nb4 20. Rc1 Bg6 21. Bf1 Rxe1 22. Bxe1 Nc6 23. Bf2 Qf5 24. Bg3 Qc5 25. a3 Qd4+ 26. Qxd4 Nxd4 27. Bf2 Nf5 28. Bd3 Kd7 29. Be4 c6 30. Rd1 Nh6 31. Bxg6 hxg6 32. Rd2 Kc7 33. c5 dxc5 34. Bxc5 Nf7 35. a4 a5 36. Kc3 Ng5 37. Bd6+ Kc8 38. Kc4 b6 39. Bg3 Nf7 40. h4 Ne5+ 41. Kc3 Nf7 42. Bf4 Re1 43. Bg3 Re3+ 44. Kd4 Re7 45. Bf4 Re1 46. g4 Ne5 47. Rf2 Kd7 48. Bg3 Ke6 49. Bxe5 fxe5+ 50. Kc4 Rh1 51. c3 Rxh4 52. b4 axb4 53. cxb4 Rh1 54. Ra2 Rc1+ 55. Kd3 Rb1 56. Kc3 Rf1 57. a5 Rxf3+ 58. Kc4 Rf4+ 59. Kc3 Rf3+ 60. Kc4 Rf4+ 0-1

[Event "Saarbruecken-chT U20"]
[Site "Saarbruecken"]
[Date "2006.11.22"]
[Round "3.1"]
[White "Nuesken, Nikolas"]
[Black "Armbrust, Florian"]
[Result "1/2-1/2"]
[WhiteElo "2303"]
[BlackElo "2252"]
[PlyCount "107"]
[EventDate "2006.11.??"]
[EventType "team"]
[EventRounds "7"]
[EventCountry "GER"]
[SourceTitle "EXT 2008"]
[Source "ChessBase"]
[SourceDate "2007.11.25"]
[SourceVersion "1"]
[SourceVersionDate "2007.11.25"]
[SourceQuality "1"]

1. e4 c5 2. Nf3 d6 3. d4 cxd4 4. Nxd4 Nf6 5. Nc3 Nc6 6. Bg5 e6 7. Qd2 Be7 8. 0-0-0 Nxd4 9. Qxd4 0-0 10. f4 Qa5 11. Bc4 Bd7 12. e5 dxe5 13. fxe5 Bc6 14. Bd2 Nd7 15. Nd5 Qd8 16. Nxe7+ Qxe7 17. Rhe1 Nb6 18. Bf1 Rfd8 19. Qg4 Qc5 20. Qb4 Qf2 21. Qf4 Qxf4 22. Bxf4 Rxd1+ 23. Rxd1 Nd7 24. b4 a6 25. Kb2 Kf8 26. g3 Ke8 27. c4 Rd8 28. Be2 Nf8 29. Rxd8+ Kxd8 30. Be3 Nd7 31. Bd4 b5 32. a4 bxa4 33. Ka3 Kc7 34. b5 axb5 35. cxb5 Be4 36. Kxa4 Kb7 37. Ka5 Bd5 38. Bh5 g6 39. Be2 Be4 40. Kb4 Nb6 41. Kc5 Kc7 42. Bd1 Bd5 43. h4 Nd7+ 44. Kb4 Kb7 45. Be2 Nb6 46. Kc3 Na8 47. h5 Nb6 48. Kd2 Nc4+ 49. Kc3 Nb6 50. g4 Na8 51. Kd2 Nc7 52. Ke3 Bb3 53. Kf4 h6 54. g5 1/2-1/2

[Event "Saarbruecken-chT U20"]
[Site "Saarbruecken"]
[Date "2006.11.22"]
[Round "4.1"]
[White "Zebisch, Paul"]
[Black "Nuesken, Nikolas"]
[Result "1/2-1/2"]
[WhiteElo "2148"]
[BlackElo "2303"]
[PlyCount "81"]
[EventDate "2006.11.??"]
[EventType "team"]
[EventRounds "7"]
[EventCountry "GER"]
[SourceTitle "EXT 2008"]
[Source "ChessBase"]
[SourceDate "2007.11.25"]
[SourceVersion "1"]
[SourceVersionDate "2007.11.25"]
[SourceQuality "1"]

1. e4 e5 2. Nf3 d6 3. Bc4 Nf6 4. d3 Be7 5. c3 0-0 6. 0-0 c6 7. Bb3 Re8 8. Be3 Bf8 9. Nbd2 Nbd7 10. d4 h6 11. Re1 Qc7 12. h3 b6 13. Nh2 Bb7 14. Ng4 Nxg4 15. hxg4 d5 16. g5 hxg5 17. Bxg5 Qd6 18. Qh5 exd4 19. cxd4 Nf6 20. Qh4 Nxe4 21. Nxe4 dxe4 22. Re3 Bc8 23. Rae1 g6 24. Rxe4 Rxe4 25. Rxe4 Bf5 26. Bf6 Bg7 27. Bxf7+ Kxf7 28. Re7+ Qxe7 29. Bxe7 Rh8 30. Qg5 Re8 31. Bb4 Bxd4 32. Qf4 c5 33. Bc3 Re4 34. Qc7+ Re7 35. Qd6 Rd7 36. Qf4 Kg7 37. g4 Be6 38. Bd2 Bf7 39. Qh6+ Kg8 40. Bc3 b5 41. a3 1/2-1/2

[Event "Pardubice op-A"]
[Site "Pardubice"]
[Date "2006.07.27"]
[Round "7"]
[White "Czarnota, Dorota"]
[Black "Nuesken, Nikolas"]
[Result "0-1"]
[WhiteElo "2237"]
[BlackElo "2339"]
[PlyCount "66"]
[EventDate "2006.07.21"]
[EventType "swiss"]
[EventRounds "9"]
[EventCountry "CZE"]
[SourceTitle "CBM 113 Extra"]
[Source "ChessBase"]
[SourceDate "2006.09.14"]
[SourceVersion "1"]
[SourceVersionDate "2006.09.14"]
[SourceQuality "1"]

1. e4 e5 2. Nf3 d6 3. d4 exd4 4. Nxd4 Nf6 5. Nc3 Be7 6. Be2 0-0 7. Be3 Re8 8. Qd2 c6 9. 0-0-0 b5 10. f3 b4 11. Na4 c5 12. Nb5 Qa5 13. b3 Rd8 14. Na3 d5 15. e5 Ne8 16. Nb1 Bb7 17. Bg5 Nc6 18. Bxe7 Nxe7 19. Qg5 Nc6 20. h4 Nc7 21. h5 Ne6 22. Qg3 Ncd4 23. Bf1 Rac8 24. h6 g6 25. Qh4 Nf5 26. Qf6 c4 27. Kb2 Bc6 28. f4 Bxa4 29. g4 Bxb3 30. cxb3 cxb3 31. axb3 Rc2+ 32. Kxc2 Qa2+ 33. Kd3 Nc5# 0-1

[Event "Oberliga Nord W 0506"]
[Site "Germany"]
[Date "2006.03.12"]
[Round "8.2"]
[White "List, Joachim"]
[Black "Nuesken, Nikolas"]
[Result "0-1"]
[WhiteElo "2276"]
[BlackElo "2271"]
[PlyCount "97"]
[EventDate "2005.10.23"]
[EventType "team-tourn"]
[EventRounds "9"]
[EventCountry "GER"]
[SourceTitle "CBM 111 Extra"]
[Source "ChessBase"]
[SourceDate "2006.05.09"]
[SourceVersion "1"]
[SourceVersionDate "2006.05.09"]
[SourceQuality "1"]
[WhiteTeam "Uelzen Post"]
[BlackTeam "Hannover Post"]
[WhiteTeamCountry "GER"]
[BlackTeamCountry "GER"]

1. e4 e5 2. Nf3 d6 3. Nc3 Nf6 4. h3 Be7 5. Bc4 0-0 6. d3 c6 7. a3 Be6 8. Bxe6 fxe6 9. d4 exd4 10. Nxd4 Qd7 11. 0-0 c5 12. Nde2 Nc6 13. f4 d5 14. e5 Ne8 15. Ng3 Nc7 16. Qg4 Nd4 17. Rf2 b5 18. Nh5 Rf7 19. b4 cxb4 20. axb4 Bxb4 21. Nd1 Bc5 22. Nf6+ Rxf6 23. exf6 Nxc2 24. Ra2 Nb4 25. Rad2 Qf7 26. Bb2 Ne8 27. fxg7 Nf6 28. Qe2 Ne4 29. Ne3 Nxf2 30. Qxf2 a5 31. Kh1 d4 32. Ng4 Qxg7 33. f5 Nc6 34. f6 Qg6 35. Rc2 Qh5 36. f7+ Kf8 37. Qf6 Qf5 38. Qh8+ Kxf7 39. Nh6+ Kg6 40. Qxa8 Qxc2 41. Qxc6 Kxh6 42. Qxe6+ Kg7 43. Qd7+ Kg6 44. Qc6+ Kg5 45. Qxb5 d3 46. Qb8 Qd1+ 47. Kh2 Bg1+ 48. Kg3 Qe1+ 49. Kf3 0-1

[Event "GER-chT U20"]
[Site "Berlin"]
[Date "2005.12.28"]
[Round "3.1"]
[White "Nuesken, Nikolas"]
[Black "Mutschnik, Illya"]
[Result "0-1"]
[WhiteElo "2302"]
[BlackElo "2414"]
[PlyCount "50"]
[EventDate "2005.12.27"]
[EventType "team-swiss"]
[EventRounds "7"]
[EventCountry "GER"]
[SourceTitle "EXT 2022"]
[Source "ChessBase"]
[SourceDate "2021.10.06"]
[SourceVersion "1"]
[SourceVersionDate "2021.10.06"]
[SourceQuality "1"]
[WhiteTeam "Hannover Post U20"]
[BlackTeam "Baden-Baden U20"]
[WhiteTeamCountry "GER"]
[BlackTeamCountry "GER"]

1. e4 c5 2. Nf3 e6 3. d4 cxd4 4. Nxd4 Nc6 5. Nc3 Qc7 6. Be3 a6 7. Be2 Nf6 8. a3 Na5 9. f4 Nc4 10. Bxc4 Qxc4 11. e5 Nd5 12. Nxd5 Qxd5 13. Qg4 b5 14. 0-0-0 Bb7 15. Rhg1 Qa2 16. Nb3 Rc8 17. Nd2 Bxa3 18. Bd4 0-0 19. Qh3 Bb4 20. Qd3 Bd5 21. c3 Be7 22. Ne4 Qa1+ 23. Kc2 Bb3+ 24. Kd2 Qxb2+ 25. Ke1 Bxd1 0-1

[Event "Oberliga Nord W 0506"]
[Site "Germany"]
[Date "2005.11.13"]
[Round "2.2"]
[White "Nuesken, Nikolas"]
[Black "Bangiev, Alexander J"]
[Result "1/2-1/2"]
[WhiteElo "2271"]
[BlackElo "2439"]
[PlyCount "136"]
[EventDate "2005.10.23"]
[EventType "team-tourn"]
[EventRounds "9"]
[EventCountry "GER"]
[SourceTitle "CBM 111 Extra"]
[Source "ChessBase"]
[SourceDate "2006.05.09"]
[SourceVersion "1"]
[SourceVersionDate "2006.05.09"]
[SourceQuality "1"]
[WhiteTeam "Hannover Post"]
[BlackTeam "Hannover PSC"]
[WhiteTeamCountry "GER"]
[BlackTeamCountry "GER"]

1. e4 c5 2. Nf3 g6 3. d4 Bg7 4. dxc5 Qa5+ 5. c3 Qxc5 6. Na3 Nf6 7. Nb5 b6 8. Be3 Qc6 9. Bd3 0-0 10. 0-0 Bb7 11. Re1 d6 12. a4 e5 13. c4 Ng4 14. Bg5 f6 15. Bd2 Na6 16. b4 f5 17. Rc1 Qd7 18. Bc3 Rad8 19. Qb3 Kh8 20. Bb2 fxe4 21. Bxe4 Bxe4 22. Rxe4 Nf6 23. Ree1 Nh5 24. Rcd1 Nf4 25. Bxe5 Bxe5 26. Nxe5 Qf5 27. Nd3 Nxd3 28. Qxd3 Qxd3 29. Rxd3 Nxb4 30. Rxd6 a6 31. Red1 Rxd6 32. Nxd6 Kg8 33. f3 Rd8 34. Kf2 a5 35. Ke2 Kf8 36. Nb5 Re8+ 37. Kf2 Rc8 38. Rd4 Na6 39. Nc3 Rc6 40. Ne4 Ke7 41. g4 Nc7 42. Nd2 Ne6 43. Re4 Kf7 44. Nb3 Rd6 45. h4 h6 46. Re3 g5 47. hxg5 hxg5 48. Re5 Rc6 49. Nd2 Nc5 50. Rxg5 Nxa4 51. Ke3 Nc5 52. Rh5 Kg7 53. Rd5 a4 54. Nb1 Re6+ 55. Kd2 Rf6 56. Ke3 Re6+ 57. Kf2 Rh6 58. Na3 Rh2+ 59. Ke3 Rb2 60. Kf4 Rb3 61. Nb5 a3 62. Rd2 Rb2 63. Rxb2 axb2 64. Na3 Kf6 65. Ke3 Kg5 66. Nb1 Na4 67. Ke4 Nc5+ 68. Kd5 Kf4 1/2-1/2

[Event "Pardubice op-A"]
[Site "Pardubice"]
[Date "2005.07.26"]
[Round "5"]
[White "Lagowski, Patryk"]
[Black "Nuesken, Nikolas"]
[Result "0-1"]
[WhiteElo "2395"]
[BlackElo "2271"]
[PlyCount "132"]
[EventDate "2005.07.22"]
[EventType "swiss"]
[EventRounds "9"]
[EventCountry "CZE"]
[SourceTitle "CBM 107 Extra"]
[Source "ChessBase"]
[SourceDate "2005.09.01"]
[SourceVersion "1"]
[SourceVersionDate "2005.09.01"]
[SourceQuality "1"]

1. d4 d5 2. Nf3 Nc6 3. Bf4 Bg4 4. e3 e6 5. Nbd2 Bd6 6. h3 Bh5 7. c3 Nge7 8. Qb3 Rb8 9. Be2 0-0 10. 0-0 b5 11. Bxd6 cxd6 12. Rfe1 Qb6 13. a3 Na5 14. Qc2 Rfc8 15. Ng5 Bg6 16. Bd3 Nc4 17. Bxg6 Nxg6 18. Ndf3 Qd8 19. h4 Qf6 20. b3 Nb6 21. h5 Nf8 22. Rac1 Qh6 23. Qe2 a6 24. g3 Qxh5 25. Kg2 Qg6 26. Rh1 Rc7 27. Rh4 f6 28. Nh3 Qf7 29. Nhg1 e5 30. Qd2 Rbc8 31. Ne2 a5 32. Rch1 Qg6 33. R4h2 h6 34. Nh4 Qh7 35. g4 a4 36. bxa4 Nc4 37. Qd1 Qe4+ 38. Kg1 bxa4 39. Ng3 Nxe3 40. fxe3 Qxe3+ 41. Kg2 Qxc3 42. dxe5 Qc2+ 43. Kh3 Qxd1 44. Rxd1 dxe5 45. Rxd5 Ne6 46. Ne2 Rc3+ 47. Kg2 Rxa3 48. Rd2 Rc4 49. Nf5 Rxg4+ 50. Kf2 Ng5 51. Neg3 Rf3+ 52. Ke2 Rfxg3 53. Nxg3 Rxg3 54. Rd7 Kh7 55. Rh4 a3 56. Kf2 Rf3+ 57. Kg2 Rb3 58. Ra4 Kg6 59. Raa7 Ne6 60. Rd6 Kf5 61. Rda6 g5 62. Rd6 Rb2+ 63. Kg3 Rb3+ 64. Kg2 Nf4+ 65. Kf2 Rb2+ 66. Kg1 h5 0-1